Guía metodológica para determinar módulos de consumo y factores de vertimientos de agua. (Registro nro. 7428)

Detalles MARC
000 -CABECERA
Campo de control 00928nam a22002417a 4500
005 - FECHA Y HORA DE LA ULTIMA TRANSACCION
Campo de control 20130723142356.0
008 - ELEMENTOS DE LONGITUD FIJA—INFORMACION GENERAL
Campo de control 120215s2010 ck a frb 000 0 spa d
020 ## - ISBN
ISBN 9789584477316
041 ## - IDIOMA
Código de idioma para texto/pista de sonido o título separado Español
044 ## - PAÍS DE PUBLICACIÓN
País de publicación Colombia
082 04 - NUMERO DE CLASIFICACION DECIMAL DEWEY
Número de clasificación 333.91
Número del ítem A678g
110 1# - ASIENTO PRINCIPAL--NOMBRE CORPORATIVO
Nombre corporativo o de jurisdicción como elemento de entrada Area Metropolitana del Valle de Aburrá
Unidad subordinad Subdirección Ambiental
245 10 - MENCION DE TITULO
Título Guía metodológica para determinar módulos de consumo y factores de vertimientos de agua.
Mención de responsabilidad Area Metropolitana del Valle de Aburrá
260 ## - PUBLICACION, DISTRIBUCION, ETC. (PIE DE IMPRENTA)
Lugar de publicación, distribución, etc. Medellín
Nombre del editor, distribuidor, etc. Area Metropolitana del Valle de Aburrá
Fecha de publicación, distribución, etc. 2010
300 ## - DESCRIPCION FISICA
Extensión 76 p.
Otros detalles físicos il. (col.)
Dimensiones 27 cm.
504 ## - NOTA DE BIBLIOGRAFIA, ETC.
Nota de bibliografía Incluye referencias bibliográficas y glosario.
650 17 - ASIENTO SECUNDARIO DE MATERIA - TERMINO TEMATICO
Término temático o nombre geográfico como elemento de entrada Consumo de agua
Subdivisión de forma Guías
650 17 - ASIENTO SECUNDARIO DE MATERIA - TERMINO TEMATICO
Término temático o nombre geográfico como elemento de entrada Utilización del agua
Subdivisión de forma Guías
650 17 - ASIENTO SECUNDARIO DE MATERIA - TERMINO TEMATICO
Término temático o nombre geográfico como elemento de entrada Calidad del agua
Subdivisión de forma Guías
650 17 - ASIENTO SECUNDARIO DE MATERIA - TERMINO TEMATICO
Término temático o nombre geográfico como elemento de entrada Abastecimiento de agua
Subdivisión de forma Guías
650 17 - ASIENTO SECUNDARIO DE MATERIA - TERMINO TEMATICO
Término temático o nombre geográfico como elemento de entrada Agua
Subdivisión general Aspectos económicos
Subdivisión de forma Guías
942 ## - ELEMENTOS ADICIONALES (KOHA)
Sistema de clasificación Dewey Decimal Classification
Tipo de ítem
Existencias
Withdrawn status Lost status Sistema de Clasificación Damaged status No para préstamo Colección Inventariado Ubicación Permanente Ubicación actual Fecha de adquisición Fuente de Valor Valor Total Checkouts Número topográfico Inventario / Código de Barras Date last seen Ejemplar Price effective from Forma de adquisición Tipo de material
    Dewey Decimal Classification     General Inventariado 2017 Bogotá Bogotá 23/07/2013 Instituto 39000.00   LB-333.91 A678g 058280 23/07/2013 Ej. 1 23/07/2013   Libro